Numbers 0 to 9 - Whammies - Statistics

General Stats
  • This quiz has been taken 666 times
    168 since last reset
  • The average score is 10 of 10
Answer Stats
Numbers % Correct
1
99%
2
99%
3
97%
4
97%
5
97%
0
96%
6
96%
7
96%
8
96%
9
96%
No matching quizzes found
Score Distribution
Percent of People with Each Score
Percentile by Number Answered
Your Score History
You have not taken this quiz since the last reset